LDR 00493nam#a2200169#i#450# 001 EN\\book\5064 005 20260426083551.7 100 ## _a20260424d2026####ek#y0engy0150####ca 101 0# _aRUS 102 ## _aRU 200 1# _aEnglish Grammar: Guide and Practice. Part 1 _eTextbook 210 1# _aMoscow _cMGIMO University Publishing House _d2026 215 ## _a364 с. 608 ## _aTextbook _2local 675 ## _aАнглийский язык. 811.111 _zRUS 700 #1 _aKazakova _gElena Petrovna 856 4# _adom.mgimo.ru _u